1860 1589 1862 1402 1570 1152 1119 1346 1720 1879 1414 1030 1387 1455 1699 1926 1978 1542 1907 1636 1061 1765 1427 1730 1498 1896 1997 1960 1872 1595 1008 1128 1034 1825 1614 1418 1249 1857 1293 1823 1194 1703 1643 1574 1077 1085 1689 1072 1885 1664 1358 1174 1264 1284 1617 1349 1824 1001 1715 1983 1744 1879 1282 1156 1849 1665 1903 1815 1870 1725 1205 1297 1126 1496 1873 1634 1546 1050 1464 1995 1027 1519 1498 1096 1433 1854 1896 1667 1449 1863 1640 1939 1009 1013 1195 1786 1668 1152 1639 BCNSPRNW ULIB Ver.6.0+V

เปลี่ยนเป็นภาษาไทย

Change to English
 แสดงรายละเอียดบรรณานุกรม
  กลับหน้าหลัก

Brief Record : Get Marc (ISO 2709) : E-mail record : QR code < ปิดหน้าต่าง
LEADER : 00000nam 2200000uu 4500
001    13399113553
003     ULIB
008    111125s2546||||th 000 0 tha d
020    ^a9749162676
050  4 ^aPN^bส827ช 2546
100 0  ^aสุพร เกิดสว่าง
245 10 ^aชายรักชาย /^cสุพร เกิดสว่าง
250    ^aพิมพ์ครั้งที่ 1
260    ^aกรุงเทพฯ :^bสมาคมอนามัยการเจริญพันธุ์เพื่อพัฒนาคุณภาพชีวิตแห่งประเทศไทย,^c2546
300    ^a180 หน้า ;^c21 ซม.
504    ^aบรรณานุกรม
650  4 ^aกะเทย
650  4 ^aความผิดปกติทางเพศ
650  4 ^aพฤติกรรมทางเพศ
650  4 ^aรักร่วมเพศ
650  4 ^aรักร่วมเพศชาย
710 2  ^aสมาคมอนามัยการเจริญพันธุ์เพื่อพัฒนาคุณภาพชีวิตแห่งประเทศไทย
945    ^p0^l0^i12644
945    ^p0^l0^i12645
995    ^aกัณชพร
999    ^aใช้งานได้ทุกระบบ
รายการนี้ยังไม่มีแท็ก
คุณยังไม่ได้ล็อกอิน คุณสามารถมีกิจกรรมร่วมกับเว็บไซต์ได้ แต่ต้องล็อกอินก่อน ::
  ล็อกอิน

รายการสื่อสารสนเทศ

ลำดับที่ ประเภท เลขเรียก/บาร์โค้ด สถานที่ สถานะ
1. วิทยาศาสตร์การแพทย์ และสุขภาพ
วิทยาศาสตร์การแพทย์ และสุขภาพ
PN ส827ช 2546 ฉ.2 
  Barcode: 12645
ห้องสมุดวิทยาเขตสวรรค์ประชารักษ์
►หนังสือทั่วไป
บนชั้น

รายการใกล้เคียง
    ผู้แต่ง [สุพร เกิดสว่าง]

    หัวเรื่อง [กะเทย]
    หัวเรื่อง [ความผิดปกติทางเพศ]
    หัวเรื่อง [พฤติกรรมทางเพศ]
    หัวเรื่อง [รักร่วมเพศ]
    หัวเรื่อง [รักร่วมเพศชาย]

BibComment


ยังไม่เคยถูกคอมเมนท์

คอมเมนท์ทรัพยากรรายการนี้
  คอมเมนท์: ชายรักชาย สุพร ..


 Copyright 2026. Bcnsprnw @Library